000 00423nam a2200133Ia 4500
001 2148
008 241024s9999 xx 000 0 und d
082 _aRD/372/R426e/1997
100 _aRepública Dominicana. Secretaría de Estado de Educación y Cultura
245 0 _aEstudio Interdepartamental para determinar la situación de los/as animadores
260 _bUNICEF
_c1997
901 _a6/3/2012 2:30:49 p.m.
999 _c8592
_d8592